000 00329nam a22001457a 4500
020 _a81-7301-214-8
082 _a823
_bDRE/V
100 _aDREAMLAND
245 _aAESOP'S FABLES: THE VAIN CROW
260 _aDELHI
_bDREAMLAND
300 _a16
520 _aENGLISH SHORT STORY
650 _aENGLISH SHORT STORY
_zUK
942 _cBK
999 _c5012
_d5012